Đến với thơ Hàn Mặc Tử

Sparad:
Bibliografiska uppgifter
Huvudupphovsman: Ngô, Viết Dinh
Materialtyp: Bok
Språk:Undetermined
Publicerad: H. Thanh niên 1998
Ämnen:
Länkar:http://lrc.tdmu.edu.vn/opac/search/detail.asp?aID=2&ID=3314
Taggar: Lägg till en tagg
Inga taggar, Lägg till första taggen!
Thư viện lưu trữ: Trung tâm Học liệu Trường Đại học Thủ Dầu Một
LEADER 00747nam a2200193Ia 4500
001 TDMU_3314
008 210410s9999 xx 000 0 und d
082 |a 895.9221009 
090 |b N4993 
100 |a Ngô, Viết Dinh 
245 0 |a Đến với thơ Hàn Mặc Tử 
245 0 |c Ngô Viết Dinh chọn và biên tập 
260 |a H. 
260 |b Thanh niên 
260 |c 1998 
300 |a 588tr. 
650 |a Hàn Mặc Tử  |x Tác phẩm; Thi ca Việt  |x Phê bình; Văn học Việt Nam  |x Thi ca  |x Phê bình; Tác gia văn học  |x Hàn Mặc Tử 
856 |u http://lrc.tdmu.edu.vn/opac/search/detail.asp?aID=2&ID=3314 
980 |a Trung tâm Học liệu Trường Đại học Thủ Dầu Một